[Event "Match"]
[Site "www.echecsemail.com"]
[Date "2020.04.11"]
[Round "1"]
[White "Hundegana"]
[Black "Krokolis"]
[WhiteElo "1950"]
[BlackElo "1549"]
[Result "0-1"]
[Round "1"]
1.c4 c5
2.Nb1c3 Nb8c6
3.g3 g6
4.Bf1g2 Bf8g7
5.e3 d6
6.Ng1e2 Ng8f6
7.a3 Ra8b8
8.O-O O-O
9.f3 Bc8e6
10.b3 d5
11.d3 d4
12.Nc3e4 dxe3
13.Bc1xe3 b6
14.Ne4xf6 Bg7xf6
15.Ra1b1 Rb8c8
16.Kh1 Be6f5
17.Ne2f4 Nc6e5
18.Rb1b2 Ne5xd3
19.Rb2d2 Bf6c3
20.Rd2xd3 Bf5xd3
21.Qd1xd3 Bc3d4
22.Be3xd4 cxd4
23.Rf1e1 Qd8d6
24.a4 Rf8d8
25.Nf4d5 e6
26.Nd5f6 Kg7
27.Nf6e4 Qd6e7
28.f4 Rc8c7
29.h4 f6
30.Kh2 Rc7d7
31.Bg2h3 f5
32.Ne4g5 Rd7d6
33.h5 Rd8c8
34.Re1e5 Qe7f6
35.Bh3g2 Rc8c7
36.Bg2f3 h6
37.Ng5h3 g5
38.Bf3g2 g4
39.Nh3f2 Qf6f7
40.Kg1 Rc7c5
41.Re5xc5 bxc5
42.Nf2d1 Rd6d7
43.Nd1b2 Qf7xh5
44.a5 Qh5f7
45.Nb2a4 Qf7e7
46.Kf2 Rd7d8
47.a6 h5
48.Kg1 Kg6
49.Bg2b7 Qe7c7
50.Na4c3 dxc3
51.Qd3xc3 h4
52.gxh4 Qc7xf4
53.Qc3e1 Qf4d4
54.Kh1 e5
55.Bb7d5 Rd8h8
56.Qe1g3 Qd4d1
57.Kh2 f4
58.Bd5e4 Kf6
59.Qg3c3 Rh8xh4
60.Kg2 Qd1e2
61.Kg1 Qe2xe4
62.Qc3a5 Qe4h1
63.Kf2 Rh4h2
{ resign }
0-1

[Event "Tourn. n10343"]
[Site "www.chess-mail.com"]
[Date "2020.04.11"]
[Round "1"]
[White "Ket"]
[Black "Grazic66"]
[WhiteElo "2110"]
[BlackElo "2130"]
[Result "1-0"]
[Round "1"]
1.e4 c5
2.Ng1f3 e6
3.d4 cxd4
4.Nf3xd4 Ng8f6
5.Nb1c3 Nb8c6
6.Bc1e3 a6
7.f3 Qd8b6
8.Nd4xc6 bxc6
9.Be3xb6 { resign }
1-0

[Event "Tourn. n10304"]
[Site "www.chess-mail.com"]
[Date "2020.04.11"]
[Round "1"]
[White "Patriciomeza"]
[Black "Aperturaf"]
[WhiteElo "2339"]
[BlackElo "2730"]
[Result "1/2-1/2"]
[Round "1"]
1.e4 e6
2.d4 d5
3.Nb1c3 Ng8f6
4.e5 Nf6d7
5.f4 a6
6.Ng1f3 c5
7.Bc1e3 Qd8c7
8.Qd1d2 Bf8e7
9.Nc3d1 cxd4
10.Nf3xd4 Nb8c6
11.Bf1e2 Nd7c5
12.Nd1f2 Nc6xd4
13.Be3xd4 Bc8d7
14.O-O Bd7b5
15.Ra1c1 Qc7c6
16.c4 dxc4
17.Be2xc4 a5
18.Qd2e2 Bb5xc4
19.Rc1xc4 { draw }
1/2-1/2

[Event "Tourn. n10339"]
[Site "www.chess-mail.com"]
[Date "2020.04.11"]
[Round "1"]
[White "Ket"]
[Black "Sorim"]
[WhiteElo "2150"]
[BlackElo "2240"]
[Result "1-0"]
[Round "1"]
1.e4 e5
2.Ng1f3 Nb8c6
3.d4 exd4
4.Nf3xd4 Ng8f6
5.Nb1c3 Bf8b4
6.Nd4xc6 Bb4xc3
7.bxc3 bxc6
8.Bf1d3 O-O
9.O-O d5
10.e5 Nf6e4
11.Bd3xe4 dxe4
12.Qd1e2 Bc8f5
13.Bc1f4 Qd8d5
14.Rf1d1 Qd5c5
15.Qe2d2 h6
16.Qd2d4 Qc5e7
17.Qd4c4 c5
18.Rd1d5 Bf5e6
19.Qc4xc5 Qe7h4
20.Bf4g3 Qh4h5
21.Rd5d4 Qh5e2
22.Qc5xc7 Qe2xc2
23.Qc7a5 Rf8c8
24.Bg3f4 Qc2xc3
25.Rd4d8 Kh7
26.Qa5xc3 Rc8xc3
27.Rd8xa8 { resign }
1-0

[Event "Match"]
[Site "www.echecsemail.com"]
[Date "2020.04.11"]
[Round "1"]
[White "Johndyson"]
[Black "Joseph1983"]
[WhiteElo "2580"]
[BlackElo "2160"]
[Result "1-0"]
[Round "1"]
1.Ng1f3 d6
2.g3 Ng8f6
3.c4 g6
4.Bf1g2 Bf8g7
5.O-O O-O
6.Nb1c3 e5
7.d4 Nb8c6
8.d5 Nc6e7
9.e4 Nf6e8
10.Nf3e1 f5
11.Ne1d3 fxe4
12.Nc3xe4 Ne8f6
13.Bc1g5 Nf6xe4
14.Bg2xe4 Bc8h3
15.Rf1e1 Qd8d7
16.f3 Ne7f5
17.Nd3f2 Nf5d4
18.g4 { resign }
1-0

[Event "Match"]
[Site "www.echecsemail.com"]
[Date "2020.04.11"]
[Round "1"]
[White "Alphacygni"]
[Black "Cal"]
[WhiteElo "1499"]
[BlackElo "1690"]
[Result "1-0"]
[Round "1"]
1.d4 d5
2.Bc1f4 h6
3.e3 Ng8f6
4.Bf1d3 a6
5.Nb1d2 Nb8c6
6.c3 e6
7.Ng1f3 b5
8.O-O Bf8e7
9.Nf3e5 Bc8b7
10.h3 O-O
11.Qd1f3 Be7d6
12.Rf1e1 Nc6e7
13.g4 c5
14.h4 cxd4
15.exd4 Nf6h7
16.g5 hxg5
17.hxg5 Ne7g6
18.Qf3h5 Ng6xf4
19.Qh5xh7 
1-0

[Event "1/64 Finale"]
[Site "www.chess-mail.com"]
[Date "2020.04.12"]
[Round "1"]
[White "Said13"]
[Black "Cal"]
[WhiteElo "2590"]
[BlackElo "1760"]
[Result "0-1"]
[Round "1"]
1.c4 e5
2.Nb1c3 Ng8f6
3.Ng1f3 Nb8c6
4.d3 h6
5.g3 a6
6.Bf1g2 d6
7.O-O Bc8g4
8.a3 Bf8e7
9.b4 b5
10.cxb5 Bg4xf3
11.Bg2xf3 O-O
12.Bf3xc6 Ra8a7
13.Bc1e3 Ra7a8
14.Bc6xa8 Qd8xa8
15.bxa6 Qa8xa6
16.b5 Qa6a5
17.Qd1b3 Rf8b8
18.a4 c6
19.Ra1b1 d5
20.d4 cxb5
21.axb5 e4
22.Nc3xd5 Be7d8
23.Nd5xf6 Bd8xf6
24.d5 Bf6e5
25.b6 Be5d6
26.b7 f5
27.Rf1c1 Kh7
28.Rc1c6 Bd6e5
29.Qb3b5 Qa5a2
30.d6 Qa2e6
31.d7 Be5f6
 { time }
0-1

[Event "Match"]
[Site "www.echecsemail.com"]
[Date "2020.04.12"]
[Round "1"]
[White "Raulazo"]
[Black "Hundegana"]
[WhiteElo "1890"]
[BlackElo "1990"]
[Result "0-1"]
[Round "1"]
1.e4 c5
2.Bf1c4 e6
3.Ng1f3 Ng8e7
4.Nf3g5 h6
5.Ng5h3 Nb8c6
6.c3 Nc6e5
7.b3 Ne5xc4
8.bxc4 Ne7c6
9.O-O Nc6e5
10.d3 Bf8e7
11.f4 Ne5c6
12.f5 exf5
13.Rf1xf5 d6
14.Rf5f4 Bc8xh3
15.gxh3 Be7f6
16.Qd1g4 Nc6e5
17.Qg4e2 Bf6g5
18.Rf4f1 Bg5xc1
19.Rf1xc1 Qd8g5
20.Qe2g2 Qg5xc1
21.Kf2 Ne5xd3
22.Kf3 Nd3e1
23.Kg3 Qc1e3
24.Kh4 Ne1xg2
25.Kg4 Qe3f4
{ resign }
0-1

[Event "Tourn. n10278"]
[Site "www.chess-mail.com"]
[Date "2020.04.12"]
[Round "1"]
[White "Tartan"]
[Black "Foxy100"]
[WhiteElo "2440"]
[BlackElo "2480"]
[Result "1/2-1/2"]
[Round "1"]
1.e4 e5
2.Ng1f3 Nb8c6
3.Bf1b5 a6
4.Bb5a4 Ng8f6
5.O-O Bf8e7
6.Rf1e1 b5
7.Ba4b3 O-O
8.c3 d6
9.h3 Nc6a5
10.Bb3c2 c5
11.d4 Qd8c7
12.b3 cxd4
13.cxd4 Na5c6
14.Bc1b2 Nc6b4
15.Bc2d3 Rf8d8
16.Nb1c3 Nb4xd3
17.Qd1xd3 Bc8b7
18.Ra1c1 Qc7a5
19.a3 Ra8c8
20.b4 Qa5b6
21.d5 Nf6h5
22.Nc3e2 g6
23.Bb2c3 Rd8d7
24.Bc3d2 Qb6d8
25.Ne2c3 Be7f6
26.a4 bxa4
27.Nc3xa4 Rd7c7
28.Na4c3 Qd8d7
29.b5 axb5
30.Qd3xb5 Bf6g7
31.Rc1a1 Nh5f4
32.Ra1a7 Rc8a8
33.Re1a1 Ra8b8
34.Ra1b1 Qd7c8
35.Qb5b6 Bg7f8
36.Nf3e1 f5
37.f3 Rc7f7
38.Kh2 fxe4
39.fxe4 g5
40.Rb1b3 g4
41.Bd2xf4 exf4
42.hxg4 Qc8xg4
43.Qb6f2 Rb8c8
44.Ra7xb7 Rf7xb7
45.Rb3xb7 Rc8xc3
46.Rb7b4 Rc3e3
47.Ne1f3 Qg4g6
48.Nf3h4 Qg6g4
{ draw }
1/2-1/2

[Event "Pariolinius great tourney"]
[Site "www.echecsemail.com"]
[Date "2020.04.12"]
[Round "1"]
[White "Passaroa25"]
[Black "Pariolinius"]
[WhiteElo "1690"]
[BlackElo "2030"]
[Result "0-1"]
[Round "1"]
1.Ng1f3 d5
2.d4 Ng8f6
3.e3 Bc8f5
4.Bf1d3 Bf5xd3
5.Qd1xd3 e6
6.Nf3e5 Bf8d6
7.O-O O-O
8.f3 Nb8d7
9.Qd3b5 Ra8b8
10.Qb5d3 c5
11.Qd3d1 c4
12.c3 Qd8c7
13.Bc1d2 Nd7xe5
14.dxe5 Bd6xe5
15.Nb1a3 a6
16.Na3c2 Be5xh2
17.Kf2 Qc7g3
18.Ke2 Qg3xg2
19.Rf1f2 Qg2h3
20.Nc2e1 Bh2g3
21.Rf2g2 Bg3xe1
22.Bd2xe1 Qh3xg2
23.Be1f2 Nf6h5
24.Qd1f1 Nh5g3
25.Kd2 Ng3xf1
26.Ke2 Nf1g3
{ resign }
0-1

[Event "Tourn. n10319"]
[Site "www.chess-mail.com"]
[Date "2020.04.12"]
[Round "1"]
[White "Jjmcbride"]
[Black "Ket"]
[WhiteElo "1600"]
[BlackElo "2090"]
[Result "0-1"]
[Round "1"]
1.e4 c5
2.Ng1f3 Nb8c6
3.d4 cxd4
4.Nf3xd4 Ng8f6
5.f3 e5
6.Nd4e2 Bf8c5
7.Qd1d2 Qd8b6
8.Ne2c3 Bc5b4
9.Qd2g5 O-O
 { time }
0-1

[Event "1/64 Finale"]
[Site "www.chess-mail.com"]
[Date "2020.04.12"]
[Round "1"]
[White "Gyutan"]
[Black "D4minance"]
[WhiteElo "2159"]
[BlackElo "2880"]
[Result "1/2-1/2"]
[Round "1"]
1.e4 c5
2.Ng1f3 Nb8c6
3.d4 cxd4
4.Nf3xd4 e6
5.Nb1c3 Qd8c7
6.Bf1e2 a6
7.O-O Ng8f6
8.Bc1e3 Bf8e7
9.f4 d6
10.a4 O-O
11.Kh1 Rf8e8
12.Be2d3 Nc6b4
13.a5 Bc8d7
14.Qd1f3 Be7f8
15.g4 g6
16.Ra1d1 Bf8g7
17.g5 Nf6h5
18.Bd3e2 Nb4c6
19.Qf3f2 Nc6xd4
20.Be3xd4 Bg7xd4
21.Rd1xd4 Nh5g7
22.Qf2h4 Bd7b5
23.Nc3xb5 axb5
24.b4 Qc7c6
25.Kg1 b6
26.Rd4d3 Qc6xe4
27.Be2f3 Qe4xb4
28.Bf3xa8 Re8xa8
29.axb6 Ng7f5
30.Qh4f2 Ra8b8
31.Rf1a1 Qb4c4
32.Ra1a7 b4
33.Rd3b3 Qc4b5
34.c3 Qb5d3
35.Rb3xb4 Qd3d1
36.Qf2f1 Qd1g4
37.Kf2 Rb8xb6
38.Rb4xb6 Qg4xf4
39.Kg1 Qf4g4
40.Kh1 Qg4e4
{ draw }
1/2-1/2

[Event "Tourn. n10327"]
[Site "www.chess-mail.com"]
[Date "2020.04.12"]
[Round "1"]
[White "Osopanda"]
[Black "Connecticcut"]
[WhiteElo "1830"]
[BlackElo "1940"]
[Result "1-0"]
[Round "1"]
1.e4 e5
2.Ng1f3 Nb8c6
3.Bf1b5 Qd8f6
4.O-O Bf8c5
5.c3 Ng8e7
6.b4 Bc5b6
7.Bc1b2 O-O
8.d4 d6
9.Nb1a3 a6
10.Bb5a4 Ne7g6
11.Na3c4 Bc8g4
12.Nc4xb6  { time }
1-0

[Event "Tourn. n10318"]
[Site "www.chess-mail.com"]
[Date "2020.04.13"]
[Round "1"]
[White "Cal"]
[Black "Osopanda"]
[WhiteElo "1730"]
[BlackElo "1810"]
[Result "0-1"]
[Round "1"]
1.e4 c5
2.Nb1c3 Nb8c6
3.d3 d6
4.h3 e5
5.Ng1f3 Bc8e6
6.a3 Ng8f6
7.Bc1g5 Bf8e7
8.b3 Nc6d4
9.Bf1e2 O-O
10.O-O a6
11.Bg5xf6 Be7xf6
12.Nf3h2 d5
13.Be2g4 Qd8e7
14.f4 exf4
15.exd5 Be6xg4
16.Nh2xg4 Bf6g5
17.Rf1e1 Qe7d7
18.Re1e5 f6
19.Re5xg5 fxg5
20.Ng4e5 Qd7f5
21.Ne5c4 f3
22.Nc4e3 Qf5f4
23.Qd1d2 Ra8e8
24.Nc3e4 Nd4e2
25.Kh1 fxg2
26.Kxg2 Re8xe4
27.Qd2xe2 Re4xe3
28.Qe2g4 Qf4f2
29.Kh1 Re3g3
30.Qg4e6 Kh8
31.d6 Qf2g2
{ resign }
0-1

[Event "Tourn. n10324"]
[Site "www.chess-mail.com"]
[Date "2020.04.13"]
[Round "1"]
[White "Iko"]
[Black "Fabos12"]
[WhiteElo "1710"]
[BlackElo "1780"]
[Result "1-0"]
[Round "1"]
1.e4 e6
2.e5 Nb8c6
3.Bf1b5 Ng8e7
4.Ng1f3 b6
5.Bb5xc6 Ne7xc6
6.d4 Bc8b7
7.O-O h6
8.Bc1e3 d6
9.Rf1e1 Nc6b4
10.c3 Nb4d5
11.Qd1d3 Nd5xe3
12.Re1xe3 Bf8e7
{ time. }
1-0

[Event "Tourn. n10320"]
[Site "www.chess-mail.com"]
[Date "2020.04.13"]
[Round "1"]
[White "Urbe69"]
[Black "Piekki"]
[WhiteElo "2440"]
[BlackElo "2310"]
[Result "1-0"]
[Round "1"]
1.d4 Ng8f6
2.c4 g6
3.Nb1c3 d5
4.cxd5 Nf6xd5
5.e4 Nd5xc3
6.bxc3 Bf8g7
7.Bf1c4 c5
8.Ng1e2 cxd4
9.cxd4 Nb8c6
10.Bc1e3 Qd8a5
11.Be3d2 Qa5d8
12.Bd2c3 e5
13.d5 Nc6e7
14.Qd1b3 O-O
15.O-O Bc8d7
16.Qb3xb7 { resign }
1-0

[Event "Tourn. n10309"]
[Site "www.chess-mail.com"]
[Date "2020.04.13"]
[Round "1"]
[White "Francesco"]
[Black "Pariolinius"]
[WhiteElo "2040"]
[BlackElo "2000"]
[Result "0-1"]
[Round "1"]
1.e4 c5
2.c3 e6
3.d4 cxd4
4.cxd4 d6
5.Nb1c3 a6
6.Ng1f3 Bc8d7
7.Bf1e2 Bf8e7
8.O-O Ng8f6
9.Bc1e3 b5
10.a3 O-O
11.b4 Nb8c6
12.Ra1c1 Ra8c8
13.Qd1d2 d5
14.e5 Nf6e4
15.Nc3xe4 dxe4
16.Nf3g5 h6
17.Ng5h3 f6
18.exf6 Be7xf6
19.f3 exf3
20.Rf1xf3 Nc6e7
21.Be3xh6 Rc8xc1
22.Qd2xc1 Ne7f5
23.Bh6e3 Nf5xe3
24.Qc1xe3 Bd7c6
25.Rf3f4 Qd8d5
26.Be2f3 Qd5d6
27.Bf3xc6 Qd6xc6
28.Rf4e4 Qc6c4
29.Nh3f4 Bf6g5
30.Qe3g3 Qc4c1
31.Re4e1 Qc1xf4
32.Qg3xf4 Bg5xf4
33.g3 Bf4d2
34.Re1d1 Bd2c3
35.Rd1d3 Bc3b2
{ resign }
0-1

[Event "Tourn. n10309"]
[Site "www.chess-mail.com"]
[Date "2020.04.13"]
[Round "1"]
[White "Krokolis"]
[Black "Francesco"]
[WhiteElo "2009"]
[BlackElo "2040"]
[Result "1-0"]
[Round "1"]
1.d4 d5
2.Ng1f3 Bc8g4
3.Nf3e5 Bg4h5
4.c4 dxc4
5.g4 Bh5g6
6.Bf1g2 c6
7.d5 Bg6xb1
8.Ra1xb1 Ng8f6
9.dxc6 Qd8xd1
10.Kxd1 Nb8a6
11.cxb7 Ra8d8
12.Kc2 e6
13.Bg2c6 Nf6d7
14.Bc6xd7 Rd8xd7
15.Ne5xd7 Kxd7
16.Bc1f4 Na6b4
17.Kc3 Nb4d5
18.Kxc4 Bf8d6
19.Bf4xd6 Kxd6
20.e4 Nd5b6
21.Kb5 Rh8b8
22.Ka6 Nb6a4
23.Kxa7 { resign }
1-0

[Event "Tourn. n10292"]
[Site "www.chess-mail.com"]
[Date "2020.04.13"]
[Round "1"]
[White "Seger"]
[Black "Egdiogel"]
[WhiteElo "2780"]
[BlackElo "2410"]
[Result "1-0"]
[Round "1"]
1.d4 d5
2.Ng1f3 Ng8f6
3.c4 c6
4.e3 g6
5.Nb1c3 Bf8g7
6.Bf1e2 O-O
7.O-O Nb8d7
8.b3 b6
9.Bc1a3 Bc8b7
10.Ra1c1 dxc4
11.bxc4 c5
12.d5 Nf6e8
13.Qd1d2 Ne8d6
14.Ba3b2 Rf8e8
15.Rc1d1 Nd7e5
16.Nf3xe5 Bg7xe5
17.a4 e6
18.Qd2c2 Qd8e7
19.a5 Re8d8
20.axb6 axb6
21.Qc2b3 Nd6f5
22.Be2f3 h5
23.g3 h4
24.Rd1d2 Nf5d6
25.Rf1d1 Ra8a6
26.Bf3g4 Qe7g5
27.h3 hxg3
28.f4 Be5xf4
29.exf4 Qg5xf4
30.Rd2e2 e5
31.Nc3e4 Nd6xe4
32.Bb2c1 Qf4f6
33.Rd1f1 Qf6g7
34.Re2xe4 { resign }
1-0

[Event "Tourn. n10300"]
[Site "www.chess-mail.com"]
[Date "2020.04.14"]
[Round "1"]
[White "Ditto"]
[Black "Agmdiazj"]
[WhiteElo "1990"]
[BlackElo "2009"]
[Result "0-1"]
[Round "1"]
1.d4 Ng8f6
2.c4 c5
3.Ng1f3 g6
4.Bc1g5 Bf8g7
5.e3 O-O
6.Bf1e2 Qd8a5
7.Nb1d2 cxd4
8.Nf3xd4 Nb8c6
9.Nd4b5 a6
10.Nb5c3 Qa5xg5
11.O-O d6
12.Be2f3 Bc8g4
13.Nc3e4 Nf6xe4
14.Nd2xe4 Bg4xf3
15.Qd1xf3 Qg5a5
16.Qf3e2 Ra8c8
17.Qe2g4 f5
18.Qg4e2 fxe4
19.Qe2c2 Qa5e5
20.Ra1b1 Nc6b4
21.Qc2b3 Nb4d3
22.c5 Kh8
23.cxd6 exd6
24.Qb3xb7 a5
25.Qb7e7 Qe5xe7
26.h3 Rc8c2
27.a4 Rf8xf2
28.b3 Rf2xg2
{ resign }
0-1

[Event "Pariolinius great tourney"]
[Site "www.echecsemail.com"]
[Date "2020.04.14"]
[Round "1"]
[White "Aders1"]
[Black "Passaroa25"]
[WhiteElo "2350"]
[BlackElo "1690"]
[Result "1-0"]
[Round "1"]
1.Ng1f3 Nb8c6
2.g3 d6
3.Bf1g2 Bc8e6
4.O-O f6
5.e4 Be6f7
6.c3 e5
7.d3 Ng8e7
8.Nb1d2 Ne7g6
9.Qd1e2 Bf8e7
10.d4 O-O
11.d5 Nc6b8
12.a4 Nb8a6
13.b4 Na6b8
14.c4 Nb8d7
15.Nd2b3 b6
16.Nf3e1 a5
17.f4 axb4
18.f5 Ng6h8
19.Qe2g4 g5
20.fxg6 Nh8xg6
21.Ne1d3 Nd7c5
22.Nb3xc5 Qd8c8
23.Qg4xc8 Ra8xc8
24.Nc5d7 Rf8d8
25.Nd7xf6 Be7xf6
26.Rf1xf6 Rd8d7
27.Nd3xb4 Ng6e7
28.Bc1h6 Bf7g6
29.Ra1f1 Ne7f5
30.exf5 Bg6h5
31.Bg2f3 Bh5xf3
32.Rf1xf3 Rd7f7
33.Rf6xf7 Kxf7
34.g4 Rc8a8
35.Rf3a3 Ra8a5
36.Bh6e3 Ra5a8
37.Kg2 Ra8g8
38.h3 Rg8g7
39.Nb4c6 Kf6
40.a5 Kf7
41.a6 Kg8
42.a7 Kh8
43.a8Q Rg7g8
44.Qa8b7 { resign }
1-0

[Event "Match"]
[Site "www.echecsemail.com"]
[Date "2020.04.14"]
[Round "1"]
[White "Foxy100"]
[Black "Luzhin"]
[WhiteElo "2520"]
[BlackElo "2480"]
[Result "1/2-1/2"]
[Round "1"]
1.e4 e5
2.Ng1f3 Nb8c6
3.Bf1c4 Bf8c5
4.Nb1c3 Ng8f6
5.d3 O-O
6.Bc1g5 h6
7.Bg5xf6 Qd8xf6
8.Nc3d5 Qf6d8
9.O-O d6
10.h3 Nc6e7
11.c3 Ne7xd5
12.Bc4xd5 Qd8f6
13.d4 Bc5b6
14.Bd5c4 exd4
15.Nf3xd4 Bc8d7
16.Qd1d3 Ra8e8
17.Ra1e1 Re8e7
18.Re1e3 c6
19.Bc4b3 Rf8e8
20.Bb3c2 g6
21.Bc2b3 Kg7
22.Rf1e1 a6
23.Qd3d2 Qf6g5
24.Qd2d3 d5
25.h4 Qg5f6
26.exd5 Re7xe3
27.fxe3 c5
28.Nd4f3 Bd7g4
29.c4 Bb6c7
30.Re1f1 Qf6d6
31.Qd3c3 Kf8
32.Qc3h8 Ke7
33.Qh8g7 h5
34.Bb3a4 Re8f8
35.e4 Bg4xf3
36.Rf1xf3 Qd6h2
37.Kf1 Qh2xh4
38.b4 b6
39.Qg7c3 Qh4h1
40.Kf2 Qh1h4
41.Ke2 Qh4g5
42.bxc5 bxc5
43.Qc3e3 Qg5xe3
44.Rf3xe3 Bc7e5
45.Re3b3 Rf8b8
46.Rb3xb8 Be5xb8
47.Kf3 g5
{ draw }
1/2-1/2

[Event "Tourn. n10281"]
[Site "www.chess-mail.com"]
[Date "2020.04.14"]
[Round "1"]
[White "Agmdiazj"]
[Black "Alphacygni"]
[WhiteElo "2270"]
[BlackElo "1499"]
[Result "0-1"]
[Round "1"]
1.d4 Ng8f6
2.c4 c5
3.d5 b5
4.cxb5 a6
5.bxa6 g6
6.Nb1c3 Bf8g7
7.e4 O-O
8.Ng1f3 Qd8a5
9.Bf1e2 Nf6xe4
{ resign }
0-1

[Event "Tourn. n10281"]
[Site "www.chess-mail.com"]
[Date "2020.04.14"]
[Round "1"]
[White "Zeks44"]
[Black "Agmdiazj"]
[WhiteElo "1300"]
[BlackElo "2280"]
[Result "1-0"]
[Round "1"]
1.e4 c5
2.Ng1f3 d6
3.Bf1c4 e6
4.O-O Ng8f6
5.Rf1e1 Bf8e7
6.c3 O-O
7.d4 b6
8.d5 exd5
9.Bc4xd5 Nf6xd5
10.Qd1xd5 { resign }
1-0

[Event "Tourn. n10332"]
[Site "www.chess-mail.com"]
[Date "2020.04.14"]
[Round "1"]
[White "Aders1"]
[Black "Ket"]
[WhiteElo "2380"]
[BlackElo "2200"]
[Result "1/2-1/2"]
[Round "1"]
1.Ng1f3 d5
2.g3 Ng8f6
3.Bf1g2 c6
4.O-O Bc8g4
5.d3 Nb8d7
6.Nb1d2 e5
7.e4 dxe4
8.dxe4 Bf8c5
9.h3 Bg4h5
10.Qd1e1 O-O
11.Nf3h4 Rf8e8
12.a4 a5
13.Nd2c4 Qd8c7
14.Bc1d2 b6
15.Kh2 Bh5g6
16.Nh4xg6 hxg6
17.Qe1e2 Ra8d8
18.f4 exf4
19.Bd2xf4 Qc7c8
20.Ra1d1 Nf6d5
21.Bf4d6 Qc8a6
22.Qe2f3 Nd5f6
23.b3 b5
24.e5 bxc4
25.exf6 Bc5xd6
26.Rd1xd6 Nd7e5
27.Qf3d1 Rd8xd6
28.Qd1xd6 cxb3
29.cxb3 Qa6b6
30.fxg7 Kxg7
31.Qd6f6 Kg8
32.Bg2d5 Qb6b7
33.Bd5c4 Ne5xc4
34.bxc4 Re8e2
35.Rf1f2 Re2xf2
36.Qf6xf2 Qb7b4
37.Qf2c2 c5
{ draw }
1/2-1/2

[Event "Match"]
[Site "www.echecsemail.com"]
[Date "2020.04.14"]
[Round "1"]
[White "Liencam2"]
[Black "Stevep84"]
[WhiteElo "2250"]
[BlackElo "2270"]
[Result "1-0"]
[Round "1"]
1.e4 c6
2.d4 d5
3.f3 dxe4
4.fxe4 e5
5.Ng1f3 Bc8g4
6.c3 Nb8d7
7.Bf1d3 Ng8f6
8.O-O Bf8e7
9.Bc1e3 O-O
10.Nb1d2 Bg4h5
11.Qd1e1 Nf6g4
12.dxe5 Nd7xe5
13.Nf3xe5 Ng4xe5
14.Bd3e2 Ne5g4
15.Be2xg4 Bh5xg4
16.Qe1g3 Bg4e6
17.e5 Be7h4
18.Qg3f3 Be6d5
19.Qf3e2 Rf8e8
20.Nd2f3 b5
21.Nf3d4 Bd5c4
22.Qe2f3 Bc4xf1
23.Ra1xf1 Qd8c7
24.Nd4f5 Bh4e7
25.Qf3g4 g6
26.Nf5h6 Kg7
27.Rf1xf7 Kh8
28.Be3d4 c5
29.e6 cxd4
30.Qg4xd4 { resign }
1-0

[Event "Tourn. n10326"]
[Site "www.chess-mail.com"]
[Date "2020.04.14"]
[Round "1"]
[White "Malbertan"]
[Black "Guidom"]
[WhiteElo "2070"]
[BlackElo "2110"]
[Result "1-0"]
[Round "1"]
1.e4 e5
2.d4 exd4
3.Ng1f3 c5
4.Bf1c4 d6
5.O-O Bf8e7
6.c3 dxc3
7.Qd1b3 Bc8e6
8.Bc4xe6 fxe6
9.Nb1xc3 Qd8d7
10.Rf1d1 Qd7c6
11.Qb3xe6 Ng8f6
12.Nf3g5 Qc6d7
13.Qe6f7 Kd8
14.Ng5e6 Kc8
15.Ne6xc5 Qd7e8
16.Qf7e6 Kd8
17.Nc5xb7 Kc7
18.Nb7xd6 { resign }
1-0

[Event "Tourn. n10327"]
[Site "www.chess-mail.com"]
[Date "2020.04.14"]
[Round "1"]
[White "Connecticcut"]
[Black "Estonia"]
[WhiteElo "1979"]
[BlackElo "1910"]
[Result "0-1"]
[Round "1"]
1.e4 c5
2.Ng1f3 Nb8c6
3.d4 cxd4
4.Nf3xd4 e5
5.Nd4f5 Ng8f6
6.Bf1d3 d6
7.O-O Bc8xf5
8.exf5 Bf8e7
9.f3 Qd8b6
10.Kh1 O-O-O
11.Nb1c3 Kb8
 { time }
0-1

[Event "Tourn. n10297"]
[Site "www.chess-mail.com"]
[Date "2020.04.14"]
[Round "1"]
[White "Agmdiazj"]
[Black "Ff333"]
[WhiteElo "2019"]
[BlackElo "2000"]
[Result "1-0"]
[Round "1"]
1.d4 d5
2.c4 Nb8c6
3.Ng1f3 Bc8g4
4.Nb1c3 Bg4xf3
5.exf3 e6
6.Bc1e3 Bf8b4
7.Bf1d3 Ng8f6
8.O-O O-O
9.Ra1c1 Nc6a5
10.cxd5 Nf6xd5
11.Nc3xd5 exd5
12.Qd1c2 Na5c6
13.Bd3xh7 Kh8
14.Bh7d3 Bb4d6
15.a3 a6
16.f4 Qd8h4
17.g3 Qh4h3
18.Rf1e1 g6
19.Bd3f1 Qh3h5
20.Bf1g2 Nc6e7
21.Qc2d1 Qh5h7
22.Qd1f3 c6
23.g4 g5
24.h3 f6
25.f5 Kg7
26.Be3d2 Rf8h8
27.Bd2b4 Bd6xb4
28.axb4 Kf7
29.Qf3g3 Ne7c8
30.Bg2xd5 cxd5
31.Rc1c7 Kf8
32.Rc7xh7 Rh8xh7
33.Kg2 Rh7d7
34.f4 Nc8d6
35.fxg5 Nd6e4
36.Qg3h4 { resign }
1-0

[Event "Match"]
[Site "www.echecsemail.com"]
[Date "2020.04.14"]
[Round "1"]
[White "Bjonil60"]
[Black "Sonny1000"]
[WhiteElo "1420"]
[BlackElo "1680"]
[Result "0-1"]
[Round "1"]
1.e4 e5
2.d4 Qd8f6
3.d5 g6
4.Nb1c3 a6
5.a3 Bf8c5
6.b4 Bc5d4
7.Bc1b2 Qf6xf2

0-1

[Event "Match"]
[Site "www.echecsemail.com"]
[Date "2020.04.14"]
[Round "1"]
[White "Logout"]
[Black "Apdash"]
[WhiteElo "1970"]
[BlackElo "2260"]
[Result "1-0"]
[Round "1"]
1.e4 c5
2.Ng1f3 Nb8c6
3.d4 cxd4
4.Nf3xd4 d6
5.Nb1c3 Bc8d7
6.Bf1c4 e6
7.Bc1e3 a6
8.Bc4b3 Ng8f6
9.Nd4xc6 bxc6
10.O-O Bf8e7
11.a4 O-O
12.f4 d5
13.e5 Nf6e8
14.Nc3e2 c5
15.c4 d4
16.Be3d2  { time }
1-0

[Event "Tourn. n10305"]
[Site "www.chess-mail.com"]
[Date "2020.04.14"]
[Round "1"]
[White "Jackbauer"]
[Black "Johnmcbride"]
[WhiteElo "1900"]
[BlackElo "1840"]
[Result "0-1"]
[Round "1"]
1.d4 d5
2.Bc1f4 e6
3.Ng1f3 f6
4.Nb1c3 g5
5.Bf4d2 a6
6.g4 Bf8d6
7.a3 Nb8c6
8.Bf1g2 Qd8e7
9.O-O Bc8d7
10.e4 dxe4
11.Nc3xe4 O-O-O
12.Rf1e1 Ng8h6
13.h3 Nh6f7
14.d5 Nc6e5
15.Bd2c3 Ne5xf3
16.Bg2xf3 e5
17.Qd1e2 Rh8g8
18.Re1d1 Bd7b5
19.Qe2d2 h6
20.b4 Nf7h8
21.a4 Bb5e8
22.Bf3e2 Nh8g6
23.Qd2e3 Ng6f4
24.Rd1d2 c6
25.Be2c4 Be8f7
26.Ra1b1 Bf7xd5
27.Bc4xd5 Nf4xd5
28.Qe3f3 Nd5xc3
29.Ne4xc3 Bd6xb4
30.Rd2xd8 Rg8xd8
31.Qf3f5 Kb8
32.Nc3e4 Rd8f8
33.c3 Bb4a5
34.Rb1b3 Qe7d8
35.Kg2 Qd8d1
36.Ne4c5 Qd1d5
37.Kg1 Qd5xc5
38.Qf5d7 Ba5b6
39.Rb3b2 Rf8d8
40.Qd7f5 Rd8d1
41.Kg2 Qc5d5
42.Kh2 Qd5h1
43.Kg3 Rd1g1

0-1

[Event "1/16 Finale"]
[Site "www.chess-mail.com"]
[Date "2020.04.15"]
[Round "1"]
[White "Vega"]
[Black "Seger"]
[WhiteElo "2599"]
[BlackElo "2790"]
[Result "0-1"]
[Round "1"]
1.e4 c5
2.Ng1f3 g6
3.d4 cxd4
4.Qd1xd4 Ng8f6
5.Nb1c3 Nb8c6
6.Qd4a4 d6
7.e5 dxe5
8.Nf3xe5 Bf8g7
9.Bf1b5 O-O
10.Ne5xc6 bxc6
11.Bb5xc6 Bc8d7
12.Bc6xd7 Nf6xd7
13.O-O Nd7b6
14.Qa4e4 Bg7xc3
15.bxc3 Qd8c7
16.Bc1e3 Qc7xc3
17.Be3d4 Qc3c4
18.Ra1d1 Rf8d8
19.c3 Nb6d5
20.Qe4e5 f6
21.Qe5e6 Kf8
22.Qe6h3 h5
23.f4 Qc4e2
24.f5 Nd5f4
25.Qh3g3 g5
26.Rd1e1 Qe2g4
27.Qg3xg4 hxg4
28.g3 Nf4h3
29.Kg2 Ra8b8
30.Re1e2 Rb8b7
31.Rf1e1 Rd8d5
32.Re2e4 Rb7b2
33.Re1e2 Rb2xe2
34.Re4xe2 Rd5xf5
35.Bd4xa7 Rf5d5
36.Kf1 Ke8
37.Ba7b6 Rd5b5
38.Bb6e3 Rb5a5
39.Be3b6 Ra5f5
40.Ke1 Rf5b5
41.Bb6e3 Rb5a5
42.Be3b6 Ra5b5
43.Bb6e3 e5
44.Re2d2 Rb5a5
45.Be3b6 Ra5a6
46.Bb6c5 Kf7
47.Rd2d7 Ke6
48.Rd7a7 Ra6c6
49.Bc5b4 f5
50.a4 f4
51.a5 Nh3g1
52.Kf2 Ng1f3
53.gxf4 exf4
54.Ra7g7 Rc6c8
55.h3 gxh3
56.Kxf3 Rc8h8
57.Rg7e7 Kf5
58.Re7f7 Kg6
59.Rf7c7 g4
60.Kxf4 h2
61.Rc7c6 Kh5
62.Rc6c5 Kh4
63.Rc5d5 h1Q
64.Bb4e7 Kh3
65.Rd5d3 g3
66.Rd3xg3 Kh2
67.Rg3f3 Qh1e1
{ resign }
0-1

[Event "Tourn. n10309"]
[Site "www.chess-mail.com"]
[Date "2020.04.15"]
[Round "1"]
[White "Krokolis"]
[Black "Apdash"]
[WhiteElo "2009"]
[BlackElo "2220"]
[Result "1-0"]
[Round "1"]
1.d4 d5
2.c4 e6
3.Ng1f3 Ng8f6
4.e3 Bf8b4
5.Nb1d2 O-O
6.a3 Bb4xd2
7.Bc1xd2 Nb8d7
8.Bd2b4 Rf8e8
9.Bf1d3 a5
10.Bb4c3 dxc4
11.Bd3xc4 c6
12.Bc4d3 b5
13.O-O Bc8b7
14.Qd1c2 h6
15.b4 axb4
16.axb4 Nf6d5
17.Ra1xa8 Bb7xa8
18.Rf1a1  { time }
1-0

[Event "Level 6 n°3"]
[Site "www.echecsemail.com"]
[Date "2020.04.15"]
[Round "1"]
[White "Ket"]
[Black "Sorim"]
[WhiteElo "2090"]
[BlackElo "2220"]
[Result "1-0"]
[Round "1"]
1.e4 e5
2.Ng1f3 Nb8c6
3.Bf1c4 Bf8c5
4.b4 Bc5xb4
5.c3 Bb4a5
6.d4 exd4
7.O-O Ng8e7
8.cxd4 d5
9.exd5 Ne7xd5
10.Qd1b3 Bc8e6
11.Bc1a3 Qd8d7
12.Nf3e5 Nc6xd4
13.Qb3xb7 Qd7c8
14.Bc4xd5 { resign }
1-0

[Event "Level 6 n°3"]
[Site "www.echecsemail.com"]
[Date "2020.04.15"]
[Round "1"]
[White "Rons"]
[Black "Sorim"]
[WhiteElo "2640"]
[BlackElo "2220"]
[Result "1-0"]
[Round "1"]
1.e4 e5
2.Ng1f3 Nb8c6
3.Bf1b5 a6
4.Bb5a4 Ng8f6
5.O-O Bf8e7
6.Rf1e1 b5
7.Ba4b3 O-O
8.c3 d6
9.h3 Nc6b8
10.d4 Nb8d7
11.c4 c6
12.Nb1c3 b4
13.Nc3e2 a5
14.Ne2g3 Bc8a6
15.c5 exd4
16.cxd6 Be7xd6
17.e5 Nd7xe5
18.Nf3xe5 c5
19.Bc1g5 Rf8e8
20.Ne5xf7 { resign }
1-0